000 00473nam a2200193 a 4500
001 1757137942786
003 YourLibrary
005 20250908142700.0
008 250906s2006##################000#0#eng##
020 _a9780241142110
082 0 4 _a128.21
_bPHI
100 1 _aPhillips, Adam,
_eauthor.
245 1 0 _aSide Effects :
260 _c2006.
300 _a344 pages
650 0 _aLiterary Criticism.
942 _cENGLISH
040 _aYourLibrary
_beng
_cYourLibrary
999 _c585860
_d585860